[Event "NB II. Asztalos csoport"]
[Site "Baja"]
[Date "2023.10.08"]
[Round "1.5"]
[White "Haszon, Abel"]
[Black "Javor, Sandor"]
[Result "1/2-1/2"]
[WhiteElo "1785"]
[BlackElo "2088"]
[PlyCount "89"]
[EventDate "2023.10.08"]
[EventType "team-tourn"]
[EventRounds "9"]
[EventCountry "HUN"]
[Source "chess.hu"]
[WhiteTeam "Marcali VSZSE"]
[BlackTeam "Bajai SSC"]
[WhiteTeamCountry "HUN"]
[BlackTeamCountry "HUN"]

1. e4 e5 2. Nf3 Nc6 3. Bc4 Be7 4. O-O Nf6 5. Nc3 d6 6. d4 Bg4 7. d5 Nd4 8. Be2
Nxe2+ 9. Qxe2 c6 10. h3 Bh5 11. Qe3 cxd5 12. Nxd5 Nxd5 13. exd5 O-O 14. b3 f5
15. Re1 Qa5 16. c4 Bf6 17. Bd2 Qa6 18. Bc3 Rac8 19. Nd2 b5 20. Rac1 bxc4 21.
bxc4 Bd8 22. Bb4 Re8 23. c5 dxc5 24. Bxc5 Bf6 25. d6 Red8 26. f4 exf4 27. Qxf4
Qxa2 28. Nf3 Bxf3 29. gxf3 Qd5 30. Bxa7 Rxc1 31. Rxc1 Rxd6 32. Rc8+ Rd8 33.
Rxd8+ Bxd8 34. Bd4 g5 35. Qe3 Kf7 36. Qe5 Qxe5 37. Bxe5 Ke6 38. Bc3 Bf6 39. Bd2
h5 40. Kg2 Kd5 41. Bb4 Kd4 42. Ba3 Kd3 43. Bd6 Ke2 44. Bc5 Be5 45. Bb6 1/2-1/2

[Event "NB II. Asztalos csoport"]
[Site "Baja"]
[Date "2023.10.08"]
[Round "1.6"]
[White "Kosa, Jeno"]
[Black "Mike, Janos"]
[Result "1-0"]
[WhiteElo "2088"]
[BlackElo "1842"]
[PlyCount "95"]
[EventDate "2023.10.08"]
[EventType "team-tourn"]
[EventRounds "9"]
[EventCountry "HUN"]
[Source "chess.hu"]
[WhiteTeam "Bajai SSC"]
[BlackTeam "Marcali VSZSE"]
[WhiteTeamCountry "HUN"]
[BlackTeamCountry "HUN"]

1. d4 d5 2. Nf3 Nf6 3. g3 c6 4. Bg2 h6 5. c4 e6 6. O-O dxc4 7. Ne5 Be7 8. Nxc4
Nbd7 9. Nc3 O-O 10. e4 b5 11. Ne3 Bb7 12. e5 Nd5 13. Qg4 Bg5 14. f4 Nxe3 15.
Bxe3 Be7 16. f5 Bg5 17. Bxg5 Qxg5 18. Qxg5 hxg5 19. fxe6 fxe6 20. Rxf8+ Nxf8
21. Ne4 Rd8 22. Nd6 Ba8 23. Rc1 Rd7 24. Rc5 a6 25. Bxc6 Rd8 26. Bxa8 Rxa8 27.
Rc6 Kh7 28. Ne4 Kg6 29. g4 Rd8 30. Nd6 Ra8 31. Kf2 Nd7 32. Ne4 Nf8 33. d5 Kf7
34. Nxg5+ Ke7 35. Nxe6 Nxe6 36. Rxe6+ Kf7 37. h4 Rd8 38. Rd6 Rc8 39. Rc6 Rd8
40. Rc7+ Kg6 41. Rc5 Rf8+ 42. Ke3 Rf1 43. Rc6+ Kf7 44. Rxa6 Re1+ 45. Kf4 Rd1
46. Ra7+ Kf8 47. d6 Rd4+ 48. Kf5 1-0

[Event "NB II. Asztalos csoport"]
[Site "Baja"]
[Date "2023.10.08"]
[Round "1.7"]
[White "Razsits, Geza"]
[Black "Kelemen, Aron"]
[Result "0-1"]
[WhiteElo "1789"]
[BlackElo "1861"]
[PlyCount "72"]
[EventDate "2023.10.08"]
[EventType "team-tourn"]
[EventRounds "9"]
[EventCountry "HUN"]
[Source "chess.hu"]
[WhiteTeam "Marcali VSZSE"]
[BlackTeam "Bajai SSC"]
[WhiteTeamCountry "HUN"]
[BlackTeamCountry "HUN"]

1. e4 c5 2. Nf3 d6 3. c3 Nf6 4. Bc4 e6 5. d3 Be7 6. O-O O-O 7. a3 b6 8. Qc2 Bb7
9. Bg5 Nbd7 10. Nbd2 Qc7 11. Rad1 Rac8 12. Rfe1 Rfd8 13. Ba2 Ne5 14. Nxe5 dxe5
15. Bb1 Rd7 16. Nf3 Rcd8 17. Rd2 Kf8 18. Bh4 Ng8 19. Bg3 Bf6 20. Red1 Ne7 21.
d4 cxd4 22. Nxd4 Bg5 23. Re2 Ng6 24. Ree1 Qc4 25. b3 Qc5 26. b4 Qd6 27. Ba2 Ke8
28. Bb3 Bf4 29. Bxf4 Nxf4 30. Nb5 Qc6 31. Rxd7 Qxd7 32. c4 a6 33. Nc3 Qd2 34.
Rd1 Qxc3 35. Rxd8+ Kxd8 36. Qd1+ Qd4 0-1

[Event "NB II. Asztalos csoport"]
[Site "Baja"]
[Date "2023.10.08"]
[Round "1.8"]
[White "Jaeger, Laszlo"]
[Black "Palotas, Karoly"]
[Result "1/2-1/2"]
[WhiteElo "1812"]
[BlackElo "1801"]
[PlyCount "90"]
[EventDate "2023.10.08"]
[EventType "team-tourn"]
[EventRounds "9"]
[EventCountry "HUN"]
[Source "chess.hu"]
[WhiteTeam "Bajai SSC"]
[BlackTeam "Marcali VSZSE"]
[WhiteTeamCountry "HUN"]
[BlackTeamCountry "HUN"]

1. e4 c6 2. d4 g6 3. Bd3 Bg7 4. Be3 d6 5. f4 Nd7 6. Nf3 Qc7 7. O-O Ngf6 8. c3
O-O 9. Qc1 Re8 10. e5 Nd5 11. Bd2 Nf8 12. a4 e6 13. a5 Ne7 14. g4 d5 15. Nh4 f5
16. exf6 Bxf6 17. Nf3 Kh8 18. Ne5 Ng8 19. Rf3 Qg7 20. Qf1 Nd7 21. Na3 Bxe5 22.
fxe5 Rf8 23. Rxf8 Qxf8 24. Qh3 Qg7 25. Rf1 b5 26. Qf3 Bb7 27. Qf7 Rf8 28. Qxg7+
Kxg7 29. Rxf8 Kxf8 30. b3 Kf7 31. c4 a6 32. cxb5 cxb5 33. Kf2 Ne7 34. b4 Nc6
35. Nc2 Bc8 36. Kg3 Kg7 37. g5 Nd8 38. Kg4 Nc6 39. Kf4 Kf7 40. Bc3 Kg7 41. Be2
Kf7 42. Bg4 Ne7 43. Ne3 Bb7 44. h4 Nf5 45. h5 Nxe3 1/2-1/2

[Event "NB II. Asztalos csoport"]
[Site "Baja"]
[Date "2023.10.08"]
[Round "1.9"]
[White "Dan, Daniel"]
[Black "Vuity, Janos"]
[Result "1-0"]
[WhiteElo "1774"]
[BlackElo "1813"]
[PlyCount "139"]
[EventDate "2023.10.08"]
[EventType "team-tourn"]
[EventRounds "9"]
[EventCountry "HUN"]
[Source "chess.hu"]
[WhiteTeam "Marcali VSZSE"]
[BlackTeam "Bajai SSC"]
[WhiteTeamCountry "HUN"]
[BlackTeamCountry "HUN"]

1. e4 c6 2. d4 d5 3. exd5 cxd5 4. Bd3 Nc6 5. c3 Nf6 6. Bf4 e6 7. Nf3 Bd6 8. Bg5
Bd7 9. O-O O-O 10. Re1 Rc8 11. Nbd2 h6 12. Bh4 Be7 13. Ne5 Ne8 14. Bg3 Nxe5 15.
Bxe5 Bd6 16. Nf3 Bxe5 17. dxe5 Qb6 18. Qe2 Nc7 19. Nd4 Na6 20. Bxa6 Qxa6 21.
Qxa6 bxa6 22. Re3 Rc7 23. Kf1 Rfc8 24. Ke1 Kf8 25. Kd2 Ke7 26. Rae1 Rb8 27. b3
a5 28. f4 a4 29. g4 axb3 30. axb3 Rb6 31. f5 Ra6 32. Kd3 Ra2 33. R3e2 Rxe2 34.
Rxe2 a6 35. Rf2 Bb5+ 36. Kd2 Bd7 37. f6+ Kf8 38. h4 gxf6 39. Rxf6 Kg7 40. Kc2
Bb5 41. h5 Rc8 42. Kd2 Rc7 43. Nf3 a5 44. g5 hxg5 45. h6+ Kh8 46. Nxg5 Be8 47.
Nxe6 Re7 48. Ng5 Rxe5 49. Nxf7+ Bxf7 50. Rxf7 Rh5 51. h7 Rh2+ 52. Kd3 Rb2 53.
Rb7 a4 54. b4 a3 55. Ra7 a2 56. Kd4 Rc2 57. Kxd5 Rxc3 58. Rxa2 Kxh7 59. Rg2 Rb3
60. Kc5 Rc3+ 61. Kb6 Rb3 62. b5 Rb1 63. Kc6 Rc1+ 64. Kb7 Rb1 65. b6 Rb3 66. Kc7
Rc3+ 67. Kb8 Rb3 68. b7 Rb1 69. Rc2 Kg7 70. Kc7 1-0

[Event "NB II. Asztalos csoport"]
[Site "Baja"]
[Date "2023.10.08"]
[Round "1.10"]
[White "Baki, Bence"]
[Black "Nagy, Balazs"]
[Result "1/2-1/2"]
[WhiteElo "1807"]
[BlackElo "1732"]
[PlyCount "105"]
[EventDate "2023.10.08"]
[EventType "team-tourn"]
[EventRounds "9"]
[EventCountry "HUN"]
[Source "chess.hu"]
[WhiteTeam "Bajai SSC"]
[BlackTeam "Marcali VSZSE"]
[WhiteTeamCountry "HUN"]
[BlackTeamCountry "HUN"]

1. e4 c6 2. d4 d5 3. Nc3 dxe4 4. Nxe4 Nd7 5. Nf3 Ngf6 6. Bd3 Nxe4 7. Bxe4 Nf6
8. Bd3 Bg4 9. c3 Qd5 10. Be2 e6 11. h3 Bh5 12. Be3 Bd6 13. Qd2 Ne4 14. Qc2 Bg6
15. Bd3 Nf6 16. Bxg6 hxg6 17. Qb3 O-O 18. Qxd5 cxd5 19. Ne5 Rfc8 20. Bf4 Bxe5
21. Bxe5 Nd7 22. O-O Rc4 23. Rfe1 f6 24. Bg3 Kf7 25. Re3 Rc6 26. Rd1 Rac8 27.
f3 Nb6 28. Re2 a5 29. Rde1 Re8 30. Rd1 Nd7 31. Re3 b5 32. Re2 Nf8 33. Bf4 g5
34. Bg3 Ng6 35. Rf1 Nf4 36. Bxf4 gxf4 37. Rff2 e5 38. Rd2 Rd6 39. Rd1 g5 40.
dxe5 fxe5 41. Rfd2 Ke6 42. Re2 Kf5 43. Red2 Red8 44. Kf1 b4 45. cxb4 axb4 46.
a4 bxa3 47. bxa3 d4 48. Ke2 Ra6 49. Rd3 Rda8 50. Ra1 Ra4 51. Ra2 Ke6 52. Rb3
R8a5 53. Kd3 1/2-1/2

[Event "NB II. Asztalos csoport"]
[Site "Baja"]
[Date "2023.10.08"]
[Round "1.11"]
[White "Jankovics, Emod"]
[Black "Aladics, Jozsef"]
[Result "0-1"]
[WhiteElo "1546"]
[BlackElo "1796"]
[PlyCount "78"]
[EventDate "2023.10.08"]
[EventType "team-tourn"]
[EventRounds "9"]
[EventCountry "HUN"]
[Source "chess.hu"]
[WhiteTeam "Marcali VSZSE"]
[BlackTeam "Bajai SSC"]
[WhiteTeamCountry "HUN"]
[BlackTeamCountry "HUN"]

1. d4 Nf6 2. Bf4 e6 3. Nf3 d5 4. e3 Bd6 5. Bg3 Ne4 6. Bd3 Nc6 7. c3 Ne7 8. Bxe4
Bxg3 9. Bxd5 Bxf2+ 10. Kxf2 exd5 11. Rf1 O-O 12. Kg1 Nf5 13. Qd3 Qe7 14. Re1
Re8 15. Nbd2 Nd6 16. Qe2 Bf5 17. c4 c6 18. Rac1 h6 19. Ne5 dxc4 20. Ndxc4 Rad8
21. Rf1 Be6 22. Nxd6 Rxd6 23. a3 f6 24. Ng6 Qd7 25. Qf2 Bf7 26. Nh4 Rd5 27.
Rcd1 Rg5 28. Rfe1 Bd5 29. Nf3 Rh5 30. Nd2 Qg4 31. Qe2 Qh4 32. g3 Qh3 33. e4 f5
34. e5 f4 35. gxf4 Re6 36. Ne4 Rg6+ 37. Ng3 Rxg3+ 38. hxg3 Qxg3+ 39. Kf1 Rh1#
0-1

[Event "NB II. Asztalos csoport"]
[Site "Baja"]
[Date "2023.10.08"]
[Round "1.12"]
[White "Rekasi, Zsolt"]
[Black "Dan, Abraham"]
[Result "1-0"]
[WhiteElo "1598"]
[BlackElo "1392"]
[PlyCount "97"]
[EventDate "2023.10.08"]
[EventType "team-tourn"]
[EventRounds "9"]
[EventCountry "HUN"]
[Source "chess.hu"]
[WhiteTeam "Bajai SSC"]
[BlackTeam "Marcali VSZSE"]
[WhiteTeamCountry "HUN"]
[BlackTeamCountry "HUN"]

1. e4 c6 2. d4 d5 3. exd5 cxd5 4. Nc3 Bf5 5. Bd3 Bg6 6. Nf3 e6 7. O-O Nf6 8.
Bg5 Nbd7 9. Ne5 Bd6 10. Nxd7 Kxd7 11. Bb5+ Kc8 12. a4 a6 13. Be2 Qc7 14. g3 Ne4
15. Nxe4 Bxe4 16. c4 Kd7 17. c5 Be7 18. Bf4 Qc6 19. b4 g5 20. b5 Qc8 21. Be3 f5
22. f3 f4 23. fxe4 fxe3 24. exd5 Kd8 25. d6 Bf8 26. Rf7 a5 27. Rc7 Qb8 28. Qb3
Bxd6 29. cxd6 Re8 30. Qxe3 h6 31. Rac1 b6 32. Rc8+ Qxc8 33. Rxc8+ Rxc8 34. Bf3
Kd7 35. Bc6+ Rxc6 36. bxc6+ Kxc6 37. d5+ Kd7 38. dxe6+ Rxe6 39. Qxb6 Rxd6 40.
Qxa5 Rc6 41. Qb5 Kc7 42. a5 Rg6 43. a6 Rb6 44. Qa5 Kc6 45. a7 Rb1+ 46. Kf2 Rb2+
47. Ke3 h5 48. a8=Q+ Kd6 49. Q5d5+ 1-0

[Event "NB II. Asztalos csoport"]
[Site "Dunaujvaros"]
[Date "2023.10.29"]
[Round "2.1"]
[White "Haszon, David"]
[Black "Janoshalmi, Attila"]
[Result "1-0"]
[WhiteElo "2250"]
[BlackElo "2205"]
[PlyCount "57"]
[EventDate "2023.10.08"]
[EventType "team-tourn"]
[EventRounds "9"]
[EventCountry "HUN"]
[Source "chess.hu"]
[WhiteTeam "Marcali VSZSE"]
[BlackTeam "Racalmas-Kiralysakk "]
[WhiteTeamCountry "HUN"]
[BlackTeamCountry "HUN"]

1. d4 d5 2. Bf4 Nf6 3. e3 c5 4. Nd2 Nc6 5. Ngf3 Qb6 6. dxc5 Qxb2 7. Rb1 Qc3 8.
Bb5 Qxc5 9. Ne5 Nd7 10. Nd3 Qc3 11. O-O a6 12. Rb3 Qf6 13. Bxc6 bxc6 14. e4 g5
15. Bg3 Bg7 16. exd5 cxd5 17. Nb4 e6 18. c4 O-O 19. cxd5 a5 20. Rf3 Qb2 21. Nc6
exd5 22. Rf5 Qb6 23. Ne7+ Kh8 24. Rxd5 Nc5 25. Nc4 Qa7 26. Nc6 Qa6 27. Rxc5 Be6
28. N4xa5 Rfc8 29. Qd6 1-0

[Event "NB II. Asztalos csoport"]
[Site "Dunaujvaros"]
[Date "2023.10.29"]
[Round "2.2"]
[White "Remenyi, Szilard"]
[Black "Manfay, Mate"]
[Result "0-1"]
[WhiteElo "2006"]
[BlackElo "2159"]
[PlyCount "104"]
[EventDate "2023.10.08"]
[EventType "team-tourn"]
[EventRounds "9"]
[EventCountry "HUN"]
[Source "chess.hu"]
[WhiteTeam "Racalmas-Kiralysakk "]
[BlackTeam "Marcali VSZSE"]
[WhiteTeamCountry "HUN"]
[BlackTeamCountry "HUN"]

1. e4 e5 2. Nf3 Nc6 3. Bb5 a6 4. Ba4 Nf6 5. O-O Be7 6. Re1 b5 7. Bb3 d6 8. c3
O-O 9. h3 Nb8 10. d4 Nbd7 11. Nbd2 Bb7 12. Bc2 Re8 13. Nf1 Bf8 14. Ng3 g6 15.
Nh2 Bg7 16. d5 Qc8 17. b3 c6 18. c4 Nb8 19. Bd3 h5 20. Qe2 bxc4 21. bxc4 Nbd7
22. Rb1 Nc5 23. Nf3 a5 24. Be3 Nfd7 25. Nd2 Ba6 26. Nb3 cxd5 27. exd5 Nxd3 28.
Qxd3 Bxc4 29. Qd2 Bxb3 30. Rxb3 Nf6 31. Rc1 Qd8 32. Bb6 Qd7 33. Bxa5 Qa4 34.
Bb4 Qxa2 35. Qxa2 Rxa2 36. Bxd6 h4 37. Nf1 Nxd5 38. Ne3 Nxe3 39. fxe3 Rd8 40.
Be7 Rdd2 41. Bxh4 Rxg2+ 42. Kf1 Rh2 43. Kg1 e4 44. Rb8+ Kh7 45. Rb7 Rxh3 46.
Rxf7 Rxh4 47. Rcc7 Rg4+ 48. Kh1 Rg3 49. Rxg7+ Kh6 50. Rh7+ Kg5 51. Rc5+ Kg4 52.
Rc6 g5 0-1

[Event "NB II. Asztalos csoport"]
[Site "Dunaujvaros"]
[Date "2023.10.29"]
[Round "2.3"]
[White "Link, Ulrich"]
[Black "Katona, Ferenc"]
[Result "0-1"]
[WhiteElo "2056"]
[BlackElo "2125"]
[PlyCount "96"]
[EventDate "2023.10.08"]
[EventType "team-tourn"]
[EventRounds "9"]
[EventCountry "HUN"]
[Source "chess.hu"]
[WhiteTeam "Marcali VSZSE"]
[BlackTeam "Racalmas-Kiralysakk "]
[WhiteTeamCountry "HUN"]
[BlackTeamCountry "HUN"]

1. d4 d5 2. Nf3 e6 3. c4 f5 4. Nc3 Nf6 5. Bf4 Bd6 6. Bxd6 Qxd6 7. c5 Qe7 8. Ne5
c6 9. e3 Nbd7 10. Nxd7 Bxd7 11. f4 b6 12. b4 a5 13. a3 Ng4 14. Qc1 axb4 15.
axb4 Rxa1 16. Qxa1 bxc5 17. Qa8+ Qd8 18. Qxd8+ Kxd8 19. bxc5 Nxe3 20. Kd2 Ng4
21. Be2 Nf6 22. Ra1 Ke7 23. Bd3 h6 24. Ne2 g5 25. g3 Rg8 26. Rg1 Ra8 27. Rb1
Ng4 28. fxg5 hxg5 29. h4 gxh4 30. gxh4 Rh8 31. Rh1 Nf2 32. Rh2 Nxd3 33. Kxd3
Kf6 34. Nf4 Ra8 35. Nh5+ Kg6 36. Nf4+ Kf7 37. Rg2 Be8 38. Ng6 Ra3+ 39. Ke2 Kf6
40. Ne5 f4 41. Rg5 Rh3 42. Rg8 Bh5+ 43. Kf2 Rxh4 44. Rf8+ Kg5 45. Nxc6 Rh2+ 46.
Kg1 Rd2 47. Nd8 Bg4 48. Nf7+ Kh4 0-1

[Event "NB II. Asztalos csoport"]
[Site "Dunaujvaros"]
[Date "2023.10.29"]
[Round "2.4"]
[White "Remenyi, Lajos Jr"]
[Black "Ferenczy, Mate"]
[Result "1-0"]
[WhiteElo "1968"]
[BlackElo "2042"]
[PlyCount "83"]
[EventDate "2023.10.08"]
[EventType "team-tourn"]
[EventRounds "9"]
[EventCountry "HUN"]
[Source "chess.hu"]
[WhiteTeam "Racalmas-Kiralysakk "]
[BlackTeam "Marcali VSZSE"]
[WhiteTeamCountry "HUN"]
[BlackTeamCountry "HUN"]

1. e4 c5 2. Nf3 Nc6 3. d4 cxd4 4. Nxd4 Nf6 5. Nc3 e5 6. Ndb5 d6 7. Bg5 a6 8.
Na3 b5 9. Nd5 Be7 10. Bxf6 Bxf6 11. c3 Bg5 12. Nc2 Rb8 13. Nce3 O-O 14. g3 Be6
15. Bg2 b4 16. c4 Nd4 17. O-O Bxe3 18. Nxe3 Qb6 19. b3 a5 20. Kh1 Rfc8 21. Qd2
a4 22. Rab1 Ra8 23. f4 f6 24. Nc2 Nxc2 25. Qxc2 axb3 26. axb3 Ra3 27. Rfd1 Rca8
28. Qd2 R8a6 29. Rb2 Ra1 30. f5 Bf7 31. Bf3 h6 32. Kg2 Rxd1 33. Qxd1 Qa7 34.
Rd2 Ra1 35. Qe2 Qg1+ 36. Kh3 Qb1 37. Rxd6 Qxb3 38. Rd8+ Kh7 39. Bh5 Bg8 40.
Bg6+ Kh8 41. Bf7 Ra2 42. Qh5 1-0

[Event "NB II. Asztalos csoport"]
[Site "Dunaujvaros"]
[Date "2023.10.29"]
[Round "2.5"]
[White "Haszon, Abel"]
[Black "Zelenak, Donat"]
[Result "1-0"]
[WhiteElo "1785"]
[BlackElo "1887"]
[PlyCount "95"]
[EventDate "2023.10.08"]
[EventType "team-tourn"]
[EventRounds "9"]
[EventCountry "HUN"]
[Source "chess.hu"]
[WhiteTeam "Marcali VSZSE"]
[BlackTeam "Racalmas-Kiralysakk "]
[WhiteTeamCountry "HUN"]
[BlackTeamCountry "HUN"]

1. d4 Nf6 2. Bf4 d5 3. e3 e6 4. Bd3 c5 5. Nf3 Nc6 6. O-O Be7 7. c3 O-O 8. Nbd2
b6 9. Rc1 Bd6 10. Bg5 h6 11. Bh4 Be7 12. Re1 Bb7 13. Bg3 Re8 14. Ne5 Bd6 15. f4
Ne7 16. Qc2 Rc8 17. Bh4 c4 18. Bxf6 cxd3 19. Bxe7 Qxe7 20. Qxd3 Red8 21. Rf1 f6
22. Ng4 h5 23. Nf2 Qf7 24. Nh3 Bb8 25. Rf3 g6 26. Kf2 Kg7 27. Rg3 Rg8 28. Rf3
Qe7 29. Re1 Rcf8 30. Ke2 Qd7 31. Kf2 Rf7 32. Kg1 Kf8 33. Rf2 Qd6 34. e4 dxe4
35. Nxe4 Qc6 36. b4 a6 37. c4 Kg7 38. Nc3 Rd8 39. Rfe2 Rfd7 40. d5 exd5 41.
cxd5 Qd6 42. Ng5 fxg5 43. Re6 Qxe6 44. Rxe6 Bxd5 45. Qxg6+ Kf8 46. Qf6+ Kg8 47.
Qxg5+ Kf8 48. Nxd5 1-0

[Event "NB II. Asztalos csoport"]
[Site "Dunaujvaros"]
[Date "2023.10.29"]
[Round "2.6"]
[White "Zsigmond, Karoly"]
[Black "Mike, Janos"]
[Result "0-1"]
[WhiteElo "1872"]
[BlackElo "1842"]
[PlyCount "126"]
[EventDate "2023.10.08"]
[EventType "team-tourn"]
[EventRounds "9"]
[EventCountry "HUN"]
[Source "chess.hu"]
[WhiteTeam "Racalmas-Kiralysakk "]
[BlackTeam "Marcali VSZSE"]
[WhiteTeamCountry "HUN"]
[BlackTeamCountry "HUN"]

1. d4 d5 2. Nf3 Nf6 3. Bf4 h6 4. e3 Bf5 5. c4 e6 6. Nc3 Bd6 7. Qb3 b6 8. Be2
Bxf4 9. exf4 O-O 10. O-O Ne4 11. Rfd1 c6 12. g3 Nd7 13. Rac1 Ndf6 14. Ne5 Nxc3
15. bxc3 Rc8 16. cxd5 cxd5 17. a4 Ne4 18. Bd3 f6 19. Nf3 Bg4 20. Kg2 Nd6 21.
Re1 Nc4 22. Bxc4 dxc4 23. Qc2 Qd5 24. Qe4 Bxf3+ 25. Kxf3 Kf7 26. Ra1 Rfd8 27.
Re3 Qxe4+ 28. Rxe4 Rd5 29. Re2 Ra5 30. Rb2 Rc6 31. Rb5 Ke7 32. Rxa5 bxa5 33.
Re1 Kd6 34. Kg4 g6 35. h4 h5+ 36. Kf3 Rb6 37. g4 Rb3 38. Re3 Ra3 39. Kg3 hxg4
40. Kxg4 Rxa4 41. h5 gxh5+ 42. Kxh5 Ra2 43. Kg6 Rxf2 44. Kxf6 Rxf4+ 45. Kg5 Rf2
46. Re1 Rf3 47. Ra1 Rf5+ 48. Kg4 a6 49. Rb1 Rb5 50. Ra1 e5 51. dxe5+ Kxe5 52.
Ra4 Rc5 53. Kf3 Kd5 54. Ke3 Kc6 55. Kd2 Kb5 56. Ra1 Rd5+ 57. Kc2 Rh5 58. Ra3
Rh2+ 59. Kb1 a4 60. Kc1 Ka5 61. Kb1 Rh5 62. Kc2 Rb5 63. Ra2 Rb3 0-1

[Event "NB II. Asztalos csoport"]
[Site "Dunaujvaros"]
[Date "2023.10.29"]
[Round "2.7"]
[White "Nador, Zoltan"]
[Black "Szabo, Levente"]
[Result "1/2-1/2"]
[WhiteElo "1756"]
[BlackElo "1859"]
[PlyCount "29"]
[EventDate "2023.10.08"]
[EventType "team-tourn"]
[EventRounds "9"]
[EventCountry "HUN"]
[Source "chess.hu"]
[WhiteTeam "Marcali VSZSE"]
[BlackTeam "Racalmas-Kiralysakk "]
[WhiteTeamCountry "HUN"]
[BlackTeamCountry "HUN"]

1. c4 e6 2. d4 d5 3. Nc3 Nf6 4. Nf3 c6 5. e3 Be7 6. Bd3 Nbd7 7. O-O O-O 8. b3
Re8 9. Bb2 dxc4 10. Bxc4 b6 11. Qe2 Bb7 12. Rfd1 Rc8 13. Rac1 Qc7 14. Bd3 Qb8
15. Nb1 1/2-1/2

[Event "NB II. Asztalos csoport"]
[Site "Dunaujvaros"]
[Date "2023.10.29"]
[Round "2.8"]
[White "Csernyiczky, Laszlo"]
[Black "Nagy, Balazs"]
[Result "1-0"]
[WhiteElo "1931"]
[BlackElo "1732"]
[PlyCount "113"]
[EventDate "2023.10.08"]
[EventType "team-tourn"]
[EventRounds "9"]
[EventCountry "HUN"]
[Source "chess.hu"]
[WhiteTeam "Racalmas-Kiralysakk "]
[BlackTeam "Marcali VSZSE"]
[WhiteTeamCountry "HUN"]
[BlackTeamCountry "HUN"]

1. e4 c6 2. d4 d5 3. Nc3 dxe4 4. Nxe4 Nd7 5. Qe2 Ngf6 6. Nf3 Nxe4 7. Qxe4 Nf6
8. Qh4 Bg4 9. Ne5 Qxd4 10. Nxg4 Qxg4 11. Qxg4 Nxg4 12. Be2 Nf6 13. Bg5 Ne4 14.
Be3 e6 15. O-O Bc5 16. Bf3 Bxe3 17. Bxe4 Bb6 18. a4 a5 19. Ra3 Kd7 20. g4 g6
21. Kg2 f5 22. Bf3 Rhe8 23. Be2 e5 24. Rh3 Re7 25. gxf5 gxf5 26. Rd1+ Kc7 27.
Bc4 Rd8 28. Rxd8 Kxd8 29. Rh5 f4 30. Kf3 e4+ 31. Kxf4 Bxf2 32. Rxa5 e3 33. Kf3
Rg7 34. Rh5 Re7 35. Bd3 Rf7+ 36. Ke2 Bg1 37. h4 Rf2+ 38. Ke1 Rh2 39. Rxh7 Bf2+
40. Ke2 Bxh4+ 41. Kxe3 Bg5+ 42. Kf3 Rxh7 43. Bxh7 Bf6 44. b3 Bc3 45. Ke4 Kc7
46. Kd3 Bf6 47. Kc4 Kd6 48. Kb4 b6 49. c4 c5+ 50. Kb5 Bd8 51. Be4 Bc7 52. Ka6
Bd8 53. Kb7 Kd7 54. Bf5+ Kd6 55. Bg4 Ke5 56. Kc8 Bg5 57. Kc7 1-0

[Event "NB II. Asztalos csoport"]
[Site "Dunaujvaros"]
[Date "2023.10.29"]
[Round "2.9"]
[White "Haszon, Attila"]
[Black "Szabo, Levente Jr"]
[Result "1/2-1/2"]
[WhiteElo "1777"]
[BlackElo "1795"]
[PlyCount "112"]
[EventDate "2023.10.08"]
[EventType "team-tourn"]
[EventRounds "9"]
[EventCountry "HUN"]
[Source "chess.hu"]
[WhiteTeam "Marcali VSZSE"]
[BlackTeam "Racalmas-Kiralysakk "]
[WhiteTeamCountry "HUN"]
[BlackTeamCountry "HUN"]

1. d4 d5 2. Nf3 Nf6 3. c4 e6 4. Nc3 c6 5. Bg5 Be7 6. e3 O-O 7. Rc1 Nbd7 8. cxd5
exd5 9. Bd3 h6 10. Bh4 Re8 11. O-O Nh7 12. Bxe7 Qxe7 13. a3 Ng5 14. Nxg5 Qxg5
15. e4 dxe4 16. Nxe4 Qd5 17. Ng3 Nf6 18. Bc4 Qd6 19. Rc2 Be6 20. Bxe6 Rxe6 21.
Rd2 Rae8 22. Qf3 Ne4 23. Nxe4 Rxe4 24. Qb3 R8e7 25. Qc3 Rd7 26. Rfd1 Qe6 27. h3
Re1+ 28. Kh2 Rxd1 29. Rxd1 Qd5 30. Qg3 Qd6 31. Qxd6 Rxd6 32. Kg3 Kf8 33. Kf4
Ke7 34. Rd2 g5+ 35. Ke4 Re6+ 36. Kd3 f5 37. Kc4 Kd6 38. g3 b5+ 39. Kd3 Kd5 40.
Rc2 Rf6 41. Rc5+ Kd6 42. b4 f4 43. g4 Re6 44. d5 cxd5 45. Rxb5 Re1 46. Ra5 Ke5
47. Rxa7 Rh1 48. b5 Rxh3+ 49. Ke2 Rb3 50. a4 f3+ 51. Kd2 Rb2+ 52. Ke3 Rb3+ 53.
Kd2 Kd4 54. Re7 Rb2+ 55. Ke1 Rb1+ 56. Kd2 Rb2+ 1/2-1/2

[Event "NB II. Asztalos csoport"]
[Site "Dunaujvaros"]
[Date "2023.10.29"]
[Round "2.10"]
[White "Radics, Nora"]
[Black "Tombor, Mate"]
[Result "1-0"]
[WhiteElo "1680"]
[BlackElo "1543"]
[PlyCount "62"]
[EventDate "2023.10.08"]
[EventType "team-tourn"]
[EventRounds "9"]
[EventCountry "HUN"]
[Source "chess.hu"]
[WhiteTeam "Racalmas-Kiralysakk "]
[BlackTeam "Marcali VSZSE"]
[WhiteTeamCountry "HUN"]
[BlackTeamCountry "HUN"]

1. d4 Nf6 2. f4 g6 3. Nf3 Bg7 4. e3 d6 5. Bd3 c5 6. c3 Nc6 7. O-O O-O 8. Kh1 a6
9. Nh4 cxd4 10. exd4 e5 11. fxe5 dxe5 12. dxe5 Nxe5 13. Bc2 Nd5 14. Nf3 Nc4 15.
Bb3 Nde3 16. Bxe3 Nxe3 17. Qxd8 Rxd8 18. Re1 Bh6 19. Nd4 Bd7 20. Nd2 Nxg2 21.
Kxg2 Bxd2 22. Re7 Be8 23. Rf1 Bg5 24. Bxf7+ Bxf7 25. Rexf7 Bh6 26. Rxb7 Rab8
27. Rff7 Rf8 28. Rxh7 Rxb7 29. Rxb7 Be3 30. Nc6 Rf2+ 31. Kg3 Rf6 1-0

[Event "NB II. Asztalos csoport"]
[Site "Dunaujvaros"]
[Date "2023.10.29"]
[Round "2.11"]
[White "Bihary, Soma Botond"]
[Black "Kortelyesi, Richard"]
[Result "0-1"]
[WhiteElo "1470"]
[BlackElo "1455"]
[PlyCount "118"]
[EventDate "2023.10.08"]
[EventType "team-tourn"]
[EventRounds "9"]
[EventCountry "HUN"]
[Source "chess.hu"]
[WhiteTeam "Marcali VSZSE"]
[BlackTeam "Racalmas-Kiralysakk "]
[WhiteTeamCountry "HUN"]
[BlackTeamCountry "HUN"]

1. e4 c5 2. Nf3 d6 3. d4 cxd4 4. Nxd4 Nf6 5. Nc3 g6 6. Be3 Bg7 7. f3 O-O 8. Bc4
a6 9. Qd2 b5 10. Bb3 Bb7 11. Bh6 b4 12. Na4 a5 13. Bxg7 Kxg7 14. g4 Nc6 15. h4
Nxd4 16. Qxd4 e5 17. Qd2 d5 18. exd5 Nxd5 19. O-O-O Nf4 20. Qe3 Qc7 21. h5 Rad8
22. hxg6 Rxd1+ 23. Rxd1 hxg6 24. Nb6 Bxf3 25. Qxf3 Qxb6 26. Qe4 Qc7 27. Ba4 Rh8
28. Rd7 Qc5 29. Bb3 Qg1+ 30. Rd1 Qxg4 31. Qxe5+ f6 32. Qe7+ Kh6 33. Rh1+ Nh5
34. Kb1 Qd4 35. Bf7 a4 36. a3 Rb8 37. axb4 Rxb4 38. Qf8+ Kg5 39. c3 Qe4+ 40.
Ka2 Rxb2+ 41. Kxb2 Qxh1 42. Qc5+ f5 43. Qe7+ Nf6 44. Qe3+ Kh5 45. Qg3 Qb7+ 46.
Kc2 Qxf7 47. Qh3+ Kg5 48. Qe3+ f4 49. Qe5+ Kg4 50. Qe2+ Kf5 51. Qd3+ Kg5 52.
Qb5+ Qd5 53. Qf1 Qb3+ 54. Kd2 Qb2+ 55. Kd3 Qb5+ 56. c4 Qb3+ 57. Kd2 Ne4+ 58.
Kc1 Qc3+ 59. Kd1 Qd2# 0-1